000 00353nam a2200109Ia 4500
008 171211s9999 xx 000 0 und d
245 _aManaging Neuropathic Pain in the Diabetic Patient, Second Edition
245 _cAndrew JM Boulton and Loretta Vileikyte
260 _c2011
650 _xFITNESS
856 _uhttp://down.ebook777.com/062/1858734339.pdf
999 _c349083
_d349083